[Event "FRA-chT Top 12"]
[Site "Brest"]
[Date "2019.05.24"]
[Round "7.3"]
[White "Van Wely, Loek"]
[Black "Vallin, Guillaume"]
[Result "1-0"]
[WhiteElo "2600"]
[BlackElo "2389"]
[PlyCount "59"]
[EventDate "2019.05.18"]
[EventType "team-tourn"]
[EventRounds "11"]
[EventCountry "FRA"]
[SourceTitle "CBM 190 Extra"]
[Source "ChessBase"]
[SourceDate "2019.07.15"]
[SourceVersion "1"]
[SourceVersionDate "2019.07.15"]
[SourceQuality "1"]
[WhiteTeam "Clichy"]
[BlackTeam "Gonfreville"]
[WhiteTeamCountry "FRA"]
[BlackTeamCountry "FRA"]

1. d4 e6 2. c4 d5 3. Nf3 a6 4. cxd5 exd5 5. Nc3 c6 6. Bf4 Bd6 7. Bg3 Ne7 8. e3 Nf5 9. Qc2 Nxg3 10. hxg3 h6 11. 0-0-0 Be6 12. e4 Nd7 13. e5 Be7 14. Nh4 Nf8 15. f4 Bg4 16. Be2 Bxe2 17. Nxe2 Ne6 18. Nf3 Qa5 19. Kb1 Nc7 20. g4 Qb4 21. Rc1 a5 22. g5 a4 23. a3 Qb6 24. Ka1 Ra5 25. f5 Rb5 26. Nc3 Ra5 27. f6 Bf8 28. g6 Qb3 29. Qf5 Ne6 30. fxg7 1-0

[Event "FRA-chT1 1011"]
[Site "France"]
[Date "2010.11.14"]
[Round "3.1"]
[White "Lohou, Stephane"]
[Black "Vallin, Guillaume"]
[Result "0-1"]
[WhiteElo "2165"]
[BlackElo "2418"]
[PlyCount "61"]
[EventDate "2010.10.17"]
[EventType "team-tourn"]
[EventRounds "11"]
[EventCountry "FRA"]
[SourceTitle "EXT 2012"]
[Source "ChessBase"]
[SourceDate "2011.11.24"]
[SourceVersion "1"]
[SourceVersionDate "2011.11.24"]
[SourceQuality "1"]

1. e4 e6 2. d4 d5 3. Nc3 Nf6 4. Bg5 Bb4 5. e5 h6 6. Bd2 Bxc3 7. bxc3 Ne4 8. Qg4 g6 9. h4 c5 10. Bd3 Nxd2 11. Kxd2 Nc6 12. Rh3 c4 13. Be2 Qc7 14. h5 g5 15. Rf3 Ne7 16. Rf6 Ng8 17. Rf3 Qe7 18. Re3 f5 19. exf6 Nxf6 20. Qg3 Ne4+ 21. Rxe4 dxe4 22. Bxc4 0-0 23. Re1 b5 24. Bxb5 Bb7 25. Bc4 Rad8 26. Nf3 Bd5 27. Ne5 Qf6 28. Re2 Qf4+ 29. Qxf4 gxf4 30. Re1 Rf5 31. Be2 0-1

[Event "FRA-chT2 0910"]
[Site "France"]
[Date "2009.12.13"]
[Round "6.1"]
[White "Piot, Olivier"]
[Black "Vallin, Guillaume"]
[Result "1/2-1/2"]
[WhiteElo "2272"]
[BlackElo "2425"]
[PlyCount "74"]
[EventDate "2009.09.27"]
[EventType "team-tourn"]
[EventRounds "11"]
[EventCountry "FRA"]
[SourceTitle "EXT 2011"]
[Source "ChessBase"]
[SourceDate "2010.11.26"]
[SourceVersion "1"]
[SourceVersionDate "2010.11.26"]
[SourceQuality "1"]

1. d4 e6 2. c4 Nf6 3. Nc3 Bb4 4. e3 d5 5. a3 Be7 6. Nf3 0-0 7. Bd3 b6 8. 0-0 Bb7 9. cxd5 exd5 10. Ne5 c5 11. b3 Nc6 12. Nxc6 Bxc6 13. Bb2 Re8 14. Rc1 Qd7 15. a4 cxd4 16. exd4 Bd6 17. Rc2 a6 18. Bc1 b5 19. axb5 axb5 20. Bg5 Ne4 21. Bc1 Nxc3 22. Rxc3 b4 23. Bxh7+ Kxh7 24. Qc2+ Kg8 25. Rxc6 Rac8 26. Rxc8 Rxc8 27. Qa2 Qf5 28. Qa6 Qe6 29. g3 Rc2 30. Be3 Rc3 31. Qa4 Rxe3 32. fxe3 Qxe3+ 33. Kg2 Qe2+ 34. Rf2 Qe4+ 35. Kh3 Qh7+ 36. Kg2 Qe4+ 37. Kh3 Qh7+ 1/2-1/2

[Event "FRA-chT1B 0809"]
[Site "France"]
[Date "2009.03.15"]
[Round "9.1"]
[White "Gharamian, Tigran"]
[Black "Vallin, Guillaume"]
[Result "1-0"]
[WhiteElo "2581"]
[BlackElo "2415"]
[PlyCount "85"]
[EventDate "2008.10.19"]
[EventType "team-tourn"]
[EventRounds "11"]
[EventCountry "FRA"]
[SourceTitle "EXT 2010"]
[Source "ChessBase"]
[SourceDate "2010.11.25"]
[SourceVersion "1"]
[SourceVersionDate "2010.11.25"]
[SourceQuality "1"]
[WhiteTeam "Cappelle la Grande"]
[BlackTeam "Gonfreville"]
[WhiteTeamCountry "FRA"]
[BlackTeamCountry "FRA"]

1. e4 e6 2. d4 d5 3. Nc3 Bb4 4. e5 Qd7 5. a3 Bf8 6. Nf3 b6 7. b4 a6 8. Bd3 c5 9. bxc5 bxc5 10. dxc5 Bxc5 11. Ne2 Nc6 12. 0-0 Qc7 13. c4 dxc4 14. Be4 Bd7 15. Qc2 Rc8 16. Bf4 Na5 17. Bxh7 Ne7 18. Be4 Nb3 19. Ra2 Qa7 20. Bg3 Bb6 21. Nd2 Nxd2 22. Qxd2 Bc6 23. Bxc6+ Rxc6 24. Qg5 Nf5 25. Nc3 Bd8 26. Qg4 Qd4 27. Qf3 Rc8 28. Rd1 Qb6 29. Ne4 0-0 30. Qg4 c3 31. Rc2 Qb3 32. Rdc1 Qxa3 33. h4 Nh6 34. Qf3 Ba5 35. Nd6 Rc7 36. h5 Bb4 37. Bf4 Nf5 38. Nxf5 exf5 39. h6 g6 40. Qd5 Rc5 41. Qd4 Rcc8 42. e6 f6 43. Ra2 1-0

[Event "FRA-chT Top 16 Gp Haute"]
[Site "Evry"]
[Date "2008.05.31"]
[Round "10"]
[White "Vallin, Guillaume"]
[Black "Paci, Cedric"]
[Result "1-0"]
[WhiteElo "2409"]
[BlackElo "2303"]
[PlyCount "37"]
[EventDate "2008.05.29"]
[EventType "team"]
[EventRounds "11"]
[EventCountry "FRA"]
[SourceTitle "CBM 124 Extra"]
[Source "ChessBase"]
[SourceDate "2008.07.03"]
[SourceVersion "1"]
[SourceVersionDate "2008.07.03"]
[SourceQuality "1"]

1. e4 Nf6 2. e5 Nd5 3. d4 d6 4. c4 Nb6 5. exd6 cxd6 6. Nc3 g6 7. Nf3 Bg7 8. h3 0-0 9. Be2 Nc6 10. 0-0 Bf5 11. Be3 d5 12. c5 Nc4 13. Bc1 b6 14. cxb6 axb6 15. g4 Be4 16. Bxc4 f5 17. Bb3 fxg4 18. Ne5 Nxe5 19. dxe5 1-0

[Event "FRA-chT Top 16 Gp Haute"]
[Site "Evry"]
[Date "2008.05.30"]
[Round "9"]
[White "Hamdouchi, Hicham"]
[Black "Vallin, Guillaume"]
[Result "1-0"]
[WhiteElo "2575"]
[BlackElo "2409"]
[PlyCount "95"]
[EventDate "2008.05.29"]
[EventType "team"]
[EventRounds "11"]
[EventCountry "FRA"]
[SourceTitle "CBM 124 Extra"]
[Source "ChessBase"]
[SourceDate "2008.07.03"]
[SourceVersion "1"]
[SourceVersionDate "2008.07.03"]
[SourceQuality "1"]

1. e4 e6 2. d4 d5 3. Nd2 c5 4. Ngf3 Nc6 5. exd5 exd5 6. Bb5 Bd6 7. 0-0 Nge7 8. c4 0-0 9. dxc5 Bxc5 10. Nb3 Bb6 11. c5 Bc7 12. h3 a6 13. Ba4 h6 14. Nbd4 Nxd4 15. Nxd4 Nf5 16. Nxf5 Bxf5 17. Qd4 Qe7 18. Bf4 Bxf4 19. Qxf4 Qe4 20. Qxe4 dxe4 21. Rfd1 Rfd8 22. Bc2 Bg6 23. Rxd8+ Rxd8 24. Rd1 Rxd1+ 25. Bxd1 f5 26. f3 Bf7 27. fxe4 fxe4 28. Kf2 Bxa2 29. b3 Kf7 30. Ke3 Ke6 31. Kxe4 Bb1+ 32. Kd4 Kd7 33. b4 Kc7 34. g4 Bg6 35. Ke5 Bf7 36. Be2 Kc6 37. h4 Kc7 38. h5 Kc6 39. Bf3+ Kc7 40. Bd1 Kc6 41. Ba4+ Kc7 42. Kf5 b6 43. cxb6+ Kxb6 44. Ke5 g6 45. g5 gxh5 46. gxh6 Bg8 47. Kf6 h4 48. Bd7 1-0

[Event "FRA-chT Top 16 GpB"]
[Site "France"]
[Date "2008.04.11"]
[Round "5"]
[White "Guidarelli, Laurent"]
[Black "Vallin, Guillaume"]
[Result "1/2-1/2"]
[WhiteElo "2448"]
[BlackElo "2409"]
[PlyCount "92"]
[EventDate "2008.03.22"]
[EventType "team"]
[EventRounds "7"]
[EventCountry "FRA"]
[SourceTitle "CBM 123 Extra"]
[Source "ChessBase"]
[SourceDate "2008.05.06"]
[SourceVersion "1"]
[SourceVersionDate "2008.05.06"]
[SourceQuality "1"]

1. Nf3 e6 2. c4 Nf6 3. g3 d5 4. d4 Be7 5. Bg2 0-0 6. 0-0 dxc4 7. Qc2 a6 8. Qxc4 b5 9. Qc2 Bb7 10. Bd2 Be4 11. Qc1 Bb7 12. Qc2 Be4 13. Qc1 Bb7 14. a3 Nbd7 15. Ba5 Bd6 16. Nbd2 Rc8 17. e3 Qe7 18. b4 e5 19. dxe5 Nxe5 20. Nxe5 Bxg2 21. Nc6 Bxc6 22. Qxc6 Ra8 23. Rac1 Ra7 24. Nf3 Ng4 25. Rfd1 Qf6 26. Rc2 h5 27. Kg2 Rb8 28. Rd4 g6 29. Re4 Kg7 30. h3 Nh6 31. Nd4 Nf5 32. Qc3 Nxd4 33. Qxd4 Qxd4 34. Rxd4 Kf6 35. f4 Ke6 36. e4 f6 37. Kf3 Rf8 38. Rd1 g5 39. Rd5 h4 40. gxh4 gxf4 41. Rg2 Rh8 42. h5 c6 43. Rf5 Rah7 44. Rg6 Be5 45. Kg4 Rd7 46. h6 Rd3 1/2-1/2

[Event "FRA-chT Top 16 GpB"]
[Site "France"]
[Date "2008.03.24"]
[Round "3"]
[White "Bergez, Luc"]
[Black "Vallin, Guillaume"]
[Result "0-1"]
[WhiteElo "2370"]
[BlackElo "2409"]
[PlyCount "96"]
[EventDate "2008.03.22"]
[EventType "team"]
[EventRounds "7"]
[EventCountry "FRA"]
[SourceTitle "CBM 123 Extra"]
[Source "ChessBase"]
[SourceDate "2008.05.06"]
[SourceVersion "1"]
[SourceVersionDate "2008.05.06"]
[SourceQuality "1"]

1. e4 e6 2. d4 d5 3. e5 c5 4. c3 Qb6 5. Nf3 Nc6 6. a3 c4 7. Nbd2 Na5 8. Be2 Bd7 9. 0-0 Ne7 10. Re1 Nc8 11. Rb1 Qc7 12. Nf1 Nb6 13. Bg5 h6 14. Bh4 g5 15. Bg3 g4 16. N3d2 h5 17. f3 Ba4 18. Qc1 Bh6 19. Bd1 Nb3 20. Bxb3 cxb3 21. Qd1 gxf3 22. Qxf3 0-0-0 23. Re2 Rdg8 24. Rf2 h4 25. Bf4 h3 26. Ne3 Bf8 27. Ng4 hxg2 28. Rxg2 Nc4 29. Bg3 Nxd2 30. Rxd2 Bb5 31. Rf2 Rg5 32. Qd1 Rhg8 33. Ne3 f5 34. Qxb3 Bd3 35. Rd1 Rxg3+ 36. hxg3 Rxg3+ 37. Ng2 Qh7 38. Qa4 Qh5 39. Rxd3 Rxd3 40. Qxa7 Be7 41. Qb6 Qg6 42. Qb5 Rh3 43. c4 Qh5 44. Rf4 Qd1+ 45. Kf2 Bh4+ 46. Nxh4 Qd2+ 47. Kg1 Rg3+ 48. Kf1 Qxf4+ 0-1

[Event "FRA-chT Top 16 Gp Haute"]
[Site "France"]
[Date "2007.06.03"]
[Round "11.4"]
[White "Naiditsch, Arkadij"]
[Black "Vallin, Guillaume"]
[Result "1-0"]
[WhiteElo "2663"]
[BlackElo "2413"]
[PlyCount "79"]
[EventDate "2007.05.31"]
[EventType "team"]
[EventRounds "11"]
[EventCountry "FRA"]
[SourceTitle "CBM 118 Extra"]
[Source "ChessBase"]
[SourceDate "2007.07.04"]
[SourceVersion "1"]
[SourceVersionDate "2007.07.04"]
[SourceQuality "1"]
[WhiteTeam "Clichy"]
[BlackTeam "Gonfreville"]
[WhiteTeamCountry "FRA"]
[BlackTeamCountry "FRA"]

1. c4 e6 2. d4 Nf6 3. Nf3 d5 4. Nc3 c5 5. cxd5 Nxd5 6. e4 Nxc3 7. bxc3 cxd4 8. cxd4 Bb4+ 9. Bd2 Bxd2+ 10. Qxd2 0-0 11. Bc4 Nc6 12. 0-0 b6 13. Rad1 Na5 14. Bd3 Bb7 15. Rfe1 Rc8 16. h4 h6 17. h5 Qc7 18. Rc1 Qd6 19. d5 Rxc1 20. Rxc1 Rd8 21. Bb1 Rc8 22. Rd1 Nc4 23. Qe2 Na3 24. Bd3 exd5 25. e5 Qe7 26. Nd4 Re8 27. f4 Bc8 28. Bf5 Be6 29. g3 Nc4 30. Kh2 Qa3 31. Bd3 Nb2 32. Rd2 Nc4 33. Rc2 Bg4 34. Qxg4 Qxd3 35. Rxc4 Qd2+ 36. Kh3 Qe1 37. Rc2 Qh1+ 38. Rh2 Qf1+ 39. Kh4 Qg1 40. Nf3 1-0

[Event "FRA-chT Top 16 Gp Haute"]
[Site "France"]
[Date "2007.05.31"]
[Round "8.7"]
[White "Bergez, Luc"]
[Black "Vallin, Guillaume"]
[Result "1-0"]
[WhiteElo "2402"]
[BlackElo "2413"]
[PlyCount "79"]
[EventDate "2007.05.31"]
[EventType "team"]
[EventRounds "11"]
[EventCountry "FRA"]
[SourceTitle "CBM 118 Extra"]
[Source "ChessBase"]
[SourceDate "2007.07.04"]
[SourceVersion "1"]
[SourceVersionDate "2007.07.04"]
[SourceQuality "1"]
[WhiteTeam "Evry"]
[BlackTeam "Gonfreville"]
[WhiteTeamCountry "FRA"]
[BlackTeamCountry "FRA"]

1. e4 e6 2. b3 d5 3. Bb2 c5 4. Bb5+ Bd7 5. Bxd7+ Qxd7 6. exd5 Qxd5 7. Nf3 Qe4+ 8. Kf1 Nc6 9. h4 h5 10. Rh3 Nh6 11. Ng5 Qf4 12. Nc3 Nf5 13. Qe1 Be7 14. Nce4 Ncd4 15. Rc1 f6 16. Bxd4 Nxd4 17. c3 fxg5 18. cxd4 g4 19. Rd3 cxd4 20. Rxd4 0-0 21. Rd7 Bd8 22. Rc5 e5 23. d4 g3 24. f3 Bb6 25. Rxe5 Bxd4 26. Ree7 Rac8 27. Rxd4 Rc1 28. Rd1 Rxd1 29. Qxd1 Qxh4 30. Qd7 Qh1+ 31. Ke2 Qxg2+ 32. Ke1 Qb2 33. Qd5+ Kh8 34. Qxh5+ Kg8 35. Qd5+ Kh8 36. Nxg3 Qxa2 37. Re5 Qa1+ 38. Kf2 Qb2+ 39. Ne2 g6 40. Re7 1-0

[Event "FRA-ch Accession"]
[Site "Val d'Isere"]
[Date "2004.08.26"]
[Round "9"]
[White "Vallin, Guillaume"]
[Black "Libiszewski, Fabien"]
[Result "1/2-1/2"]
[WhiteElo "2401"]
[BlackElo "2425"]
[PlyCount "45"]
[EventDate "2004.08.16"]
[EventType "swiss"]
[EventRounds "11"]
[EventCountry "FRA"]
[SourceTitle "CBM 103 Extra"]
[Source "ChessBase"]
[SourceDate "2005.01.01"]
[SourceVersion "1"]
[SourceVersionDate "2005.01.01"]
[SourceQuality "1"]

1. d4 Nf6 2. Nf3 e6 3. g3 d5 4. Bg2 b5 5. c3 a5 6. 0-0 Be7 7. Nbd2 0-0 8. a4 b4 9. c4 Bb7 10. cxd5 exd5 11. Nb3 Nbd7 12. Bf4 c5 13. dxc5 Nxc5 14. Nxc5 Bxc5 15. Be5 Re8 16. Bd4 Bxd4 17. Nxd4 Ne4 18. Nb5 Rc8 19. Rc1 Rxc1 20. Qxc1 Qb6 21. Qc7 Qxc7 22. Nxc7 Rc8 23. Rd1 1/2-1/2

[Event "FRA-ch Accession"]
[Site "Val d'Isere"]
[Date "2004.08.25"]
[Round "8"]
[White "Dunis, Aurelien"]
[Black "Vallin, Guillaume"]
[Result "1/2-1/2"]
[WhiteElo "2443"]
[BlackElo "2401"]
[PlyCount "72"]
[EventDate "2004.08.16"]
[EventType "swiss"]
[EventRounds "11"]
[EventCountry "FRA"]
[SourceTitle "CBM 103 Extra"]
[Source "ChessBase"]
[SourceDate "2005.01.01"]
[SourceVersion "1"]
[SourceVersionDate "2005.01.01"]
[SourceQuality "1"]

1. d4 d5 2. c4 e6 3. Nc3 c5 4. cxd5 exd5 5. Nf3 Nc6 6. Bg5 Be7 7. Bxe7 Ngxe7 8. dxc5 Qa5 9. e3 Qxc5 10. Be2 0-0 11. 0-0 Be6 12. Nb5 Qb6 13. Qd2 Nf5 14. Rfd1 Rac8 15. Bd3 Rfd8 16. Ng5 a6 17. Nc3 Nce7 18. Ne2 h6 19. Nf3 Nd6 20. Ned4 Ne4 21. Qe1 Bg4 22. b3 Qc5 23. Rdc1 Qd6 24. h3 Bd7 25. Ne2 Ng6 26. Rxc8 Rxc8 27. Rc1 Rxc1 28. Qxc1 Ne7 29. Qb2 Nc6 30. Nf4 Nf6 31. Be2 Bf5 32. Kf1 Be4 33. Nd2 d4 34. Nh5 Bg6 35. Nxf6+ Qxf6 36. exd4 Qxd4 1/2-1/2

[Event "FRA-chT Poule Haute"]
[Site "Belfort"]
[Date "2004.05.09"]
[Round "9"]
[White "Bellaiche, Antony"]
[Black "Vallin, Guillaume"]
[Result "1-0"]
[WhiteElo "2474"]
[BlackElo "2419"]
[PlyCount "109"]
[EventDate "2004.05.08"]
[EventType "team-tourn"]
[EventRounds "4"]
[EventCountry "FRA"]
[SourceTitle "EXT 2005"]
[Source "ChessBase"]
[SourceDate "2004.11.15"]
[SourceVersion "1"]
[SourceVersionDate "2004.11.15"]
[SourceQuality "1"]
[WhiteTeam "Monaco"]
[BlackTeam "Gonfreville"]
[WhiteTeamCountry "FRA"]
[BlackTeamCountry "FRA"]

1. e4 e6 2. d4 d5 3. Nc3 Nf6 4. e5 Nfd7 5. f4 c5 6. Nf3 Nc6 7. Be3 cxd4 8. Nxd4 Bc5 9. Qd2 Nxd4 10. Bxd4 Bxd4 11. Qxd4 Qb6 12. Nb5 Qxd4 13. Nxd4 a6 14. 0-0-0 0-0 15. h4 Nc5 16. Bd3 f6 17. exf6 gxf6 18. Rhe1 Bd7 19. c3 Rae8 20. Bc2 f5 21. Re5 Ne4 22. c4 dxc4 23. Nxf5 exf5 24. Rxd7 Rxe5 25. fxe5 Re8 26. Rxb7 Rxe5 27. Rc7 Ng3 28. Rxc4 Re1+ 29. Kd2 Re2+ 30. Kd3 Rxg2 31. Rc7 h5 32. Ke3 Ne4 33. Kf4 Rf2+ 34. Ke5 Kf8 35. Ke6 Ng3 36. b4 f4 37. Bd3 Rxa2 38. Rf7+ Ke8 39. Rxf4 Ne2 40. Re4 Ng1 41. Bc4 Ra1 42. Re3 Kf8 43. Kf6 Rc1 44. Bxa6 Rc6+ 45. Re6 Rxe6+ 46. Kxe6 Nf3 47. Bb7 Nd4+ 48. Kd5 Nb5 49. Kc5 Nc7 50. Bc8 Ke7 51. Kc6 Ne8 52. Bf5 Nd6 53. Bg6 Nc4 54. Bxh5 Ne3 55. Bg6 1-0

[Event "FRA-ch Accession"]
[Site "Aix les Bains"]
[Date "2003.08.29"]
[Round "8"]
[White "Vallin, Guillaume"]
[Black "Sanchez, Louis"]
[Result "1-0"]
[WhiteElo "2430"]
[BlackElo "2242"]
[PlyCount "89"]
[EventDate "2003.08.19"]
[EventType "swiss"]
[EventRounds "11"]
[EventCountry "FRA"]
[SourceTitle "EXT 2004"]
[Source "ChessBase"]
[SourceDate "2003.11.25"]
[SourceVersion "1"]
[SourceVersionDate "2003.11.25"]
[SourceQuality "1"]

1. d4 d5 2. c4 c6 3. Nc3 Nf6 4. e3 a6 5. Qc2 g6 6. Bd3 Bg7 7. b3 c5 8. cxd5 cxd4 9. exd4 0-0 10. Nf3 Nxd5 11. Nxd5 Qxd5 12. Be4 Qd6 13. Bb2 Nd7 14. 0-0 Nf6 15. Ne5 Nxe4 16. Qxe4 Be6 17. Rac1 Bd5 18. Qg4 b5 19. Rfe1 a5 20. Rc5 Rab8 21. h4 a4 22. Qh3 e6 23. Qe3 Qe7 24. h5 Qb7 25. f3 gxh5 26. Rec1 Rbc8 27. Qf4 Rxc5 28. dxc5 axb3 29. axb3 Bxb3 30. c6 Qc7 31. Qe3 Bd5 32. f4 Ra8 33. Qg3 Ra2 34. Rc2 f6 35. Nd3 Bxc6 36. Nb4 Qd7 37. Kh2 Be4 38. Re2 Rxb2 39. Rxb2 Qd4 40. Rb3 f5 41. Na2 h4 42. Qxh4 Bxg2 43. Qe7 Bc6 44. Qxe6+ Kf8 45. Qxc6 1-0

[Event "FRA-ch Accession"]
[Site "Aix les Bains"]
[Date "2003.08.20"]
[Round "5"]
[White "Camus de Solliers, Guillaume"]
[Black "Vallin, Guillaume"]
[Result "0-1"]
[WhiteElo "2222"]
[BlackElo "2430"]
[PlyCount "62"]
[EventDate "2003.08.19"]
[EventType "swiss"]
[EventRounds "11"]
[EventCountry "FRA"]
[SourceTitle "EXT 2004"]
[Source "ChessBase"]
[SourceDate "2003.11.25"]
[SourceVersion "1"]
[SourceVersionDate "2003.11.25"]
[SourceQuality "1"]

1. d4 e6 2. c4 Nf6 3. Nf3 c5 4. g3 cxd4 5. Nxd4 Qc7 6. b3 Bb4+ 7. Bd2 Be7 8. Bg2 a6 9. 0-0 Nc6 10. Bc3 b6 11. e4 Bb7 12. e5 Nxe5 13. Nxe6 dxe6 14. Bxb7 Qxb7 15. Bxe5 0-0 16. Nc3 b5 17. Qe2 bxc4 18. Qxc4 Qf3 19. Rad1 Ng4 20. Bd4 Qf5 21. Qe2 Qh5 22. f3 Nf6 23. f4 Ng4 24. Rd2 Rfd8 25. Na4 Bb4 26. Rd3 h6 27. Rfd1 Rd6 28. Bb2 Rad8 29. Rxd6 Bxd6 30. Bd4 Bb8 31. Kh1 Nf2+ 0-1

[Event "FRA-ch Accession"]
[Site "Aix les Bains"]
[Date "2003.08.19"]
[Round "1"]
[White "Bouchet, Sebastien"]
[Black "Vallin, Guillaume"]
[Result "1-0"]
[WhiteElo "2215"]
[BlackElo "2430"]
[PlyCount "65"]
[EventDate "2003.08.19"]
[EventType "swiss"]
[EventRounds "11"]
[EventCountry "FRA"]
[SourceTitle "EXT 2004"]
[Source "ChessBase"]
[SourceDate "2003.11.25"]
[SourceVersion "1"]
[SourceVersionDate "2003.11.25"]
[SourceQuality "1"]

1. e4 e6 2. d4 d5 3. Nd2 a6 4. Ngf3 c5 5. dxc5 Bxc5 6. Bd3 Nf6 7. 0-0 Nc6 8. a3 Qc7 9. b4 Bd6 10. Bb2 Ne5 11. Nxe5 Bxe5 12. Bxe5 Qxe5 13. Re1 0-0 14. exd5 Qxd5 15. Ne4 Nxe4 16. Bxe4 Qc4 17. Qd3 Qxd3 18. cxd3 Rd8 19. Rac1 f5 20. Bf3 Rxd3 21. Rc7 Rd7 22. Rec1 Rxc7 23. Rxc7 Rb8 24. h4 h5 25. Bxh5 Kh7 26. f4 b6 27. Bf3 e5 28. fxe5 Be6 29. Rc6 Bb3 30. Bh5 Ba4 31. Bg6+ Kh6 32. Rd6 Bb5 33. Kh2 1-0

[Event "Bogny sur Meuse"]
[Site "Bogny sur Meuse"]
[Date "2003.07.03"]
[Round "9"]
[White "Vallin, Guillaume"]
[Black "Gozzoli, Yannick"]
[Result "1/2-1/2"]
[WhiteElo "2412"]
[BlackElo "2431"]
[PlyCount "20"]
[EventDate "2003.06.25"]
[EventType "tourn"]
[EventRounds "10"]
[EventCountry "FRA"]
[EventCategory "9"]
[SourceTitle "EXT 2004"]
[Source "ChessBase"]
[SourceDate "2003.11.25"]
[SourceVersion "1"]
[SourceVersionDate "2003.11.25"]
[SourceQuality "1"]

1. d4 Nf6 2. c4 g6 3. Nc3 Bg7 4. e4 d6 5. f4 0-0 6. Nf3 Bg4 7. Bd3 Nc6 8. Be3 e5 9. fxe5 dxe5 10. d5 Nd4 1/2-1/2